| 000 | 004600000a22001810004500 | ||
|---|---|---|---|
| 003 | MACL | ||
| 005 | 20160101171720.0 | ||
| 008 | 160101b xxu||||| |||| 00| 0 eng d | ||
| 040 |
_aMACL _cMACL |
||
| 041 | _aEnglish | ||
| 082 | _a3710.2/NAR | ||
| 100 |
_aNarain, Iqbal _911978 |
||
| 245 | _aPanchayati Raj and Educational Administration | ||
| 260 |
_bAalekh Publishers _aJaipur |
||
| 350 | _a60 | ||
| 650 |
_aEducation _926773 |
||
| 942 |
_cBK _k370.2/NAR _2ddc |
||
| 999 |
_c33730 _d33730 |
||